Countries with less than 5 borders - Sudden Death - Statistics

General Stats
  • This quiz has been taken 92 times
  • The average score is 5 of 13
Answers on the Grid
Answers color-coded by a green-red scale on the quiz's grid according to % correct below.
Angola
Argentina
Armenia
Belgium
Burundi
Chile
Egypt
Eritrea
Greece
Guyana
Jordan
Latvia
Liberia
Libya
Montenegro
Myanmar
Republic of the Congo
Senegal
Tajikistan
Thailand
 
Answer Stats
Answer % Correct
Belgium
62%
Eritrea
58%
Chile
50%
Egypt
46%
Angola
44%
Armenia
44%
Burundi
38%
Latvia
38%
Greece
36%
Guyana
36%
Liberia
20%
Thailand
14%
Tajikistan
4%
No matching quizzes found
Score Distribution
Percent of People with Each Score
Percentile by Number Answered
Your Score History
You have not taken this quiz